[Event "DEM U10 2023"]
[Site "Willingen GER"]
[Date "2023.05.28"]
[Round "1"]
[White "Peglau, Paul David"]
[Black "Burban, Bogdan"]
[Result "1-0"]
[Termination "normal"]
[Board "6"]
[WhiteElo "1745"]
[BlackElo "1300"]
[WhiteClock "00:27:32"]
[BlackClock "00:23:41"]
[PlyCount "111"]
[WhiteFideId "16290550"]
[BlackFideId "34609040"]
[EventCountry "GER"]
[EventRounds "11"]
[EventType "swiss"]
[EventDate "2023.05.27"]

1. e4 {[%clk 01:15:58]} {[%emt 00:00:02]} e6 {[%clk 01:15:54]} {[%emt
00:00:07]} 2. d4 {[%clk 01:16:23]} {[%emt 00:00:04]} d5 {[%clk 01:16:14]}
{[%emt 00:00:10]} 3. exd5 {[%clk 01:16:51]} {[%emt 00:00:02]} exd5 {[%clk
01:16:35]} {[%emt 00:00:08]} 4. Nf3 {[%clk 01:17:16]} {[%emt 00:00:05]} Nf6
{[%clk 01:16:56]} {[%emt 00:00:09]} 5. Bd3 {[%clk 01:17:41]} {[%emt 00:00:05]}
c5 {[%clk 01:17:13]} {[%emt 00:00:13]} 6. dxc5 {[%clk 01:17:48]} {[%emt
00:00:24]} Bxc5 {[%clk 01:17:30]} {[%emt 00:00:13]} 7. Qe2+ {[%clk 01:17:57]}
{[%emt 00:00:21]} Qe7 {[%clk 01:17:22]} {[%emt 00:00:37]} 8. Qxe7+ {[%clk
01:18:05]} {[%emt 00:00:23]} Bxe7 {[%clk 01:17:36]} {[%emt 00:00:14]} 9. O-O
{[%clk 01:17:41]} {[%emt 00:00:55]} O-O {[%clk 01:16:54]} {[%emt 00:01:12]} 10.
Nc3 {[%clk 01:12:43]} {[%emt 00:05:29]} Nc6 {[%clk 01:15:49]} {[%emt 00:01:36]}
11. Bf4 {[%clk 01:10:11]} {[%emt 00:03:01]} Bg4 {[%clk 01:14:28]} {[%emt
00:01:51]} 12. Ne5 {[%clk 01:09:27]} {[%emt 00:01:13]} Nxe5 {[%clk 01:13:11]}
{[%emt 00:01:47]} 13. Bxe5 {[%clk 01:09:12]} {[%emt 00:00:45]} Rad8 {[%clk
01:12:01]} {[%emt 00:01:40]} 14. h3 {[%clk 01:07:39]} {[%emt 00:02:04]} Bh5
{[%clk 01:11:27]} {[%emt 00:01:03]} 15. g4 {[%clk 01:06:38]} {[%emt 00:01:31]}
Bg6 {[%clk 01:11:00]} {[%emt 00:00:57]} 16. Bxg6 {[%clk 01:05:50]} {[%emt
00:01:19]} hxg6 {[%clk 01:10:16]} {[%emt 00:01:13]} 17. Rad1 {[%clk 01:05:29]}
{[%emt 00:00:52]} g5 {[%clk 01:08:47]} {[%emt 00:01:59]} 18. b3 {[%clk
01:02:20]} {[%emt 00:03:39]} Rc8 {[%clk 01:04:49]} {[%emt 00:04:27]} 19. Rfe1
{[%clk 00:53:52]} {[%emt 00:08:58]} Bb4 {[%clk 01:02:06]} {[%emt 00:03:13]} 20.
Re3 {[%clk 00:52:38]} {[%emt 00:01:43]} Rfd8 {[%clk 00:56:52]} {[%emt
00:05:46]} 21. Bxf6 {[%clk 00:50:35]} {[%emt 00:02:33]} gxf6 {[%clk 00:56:51]}
{[%emt 00:00:30]} 22. Nxd5 {[%clk 00:48:33]} {[%emt 00:02:33]} Kg7 {[%clk
00:53:43]} {[%emt 00:03:38]} 23. Red3 {[%clk 00:46:42]} {[%emt 00:02:20]} Ba5
{[%clk 00:51:17]} {[%emt 00:02:56]} 24. b4 {[%clk 00:43:19]} {[%emt 00:03:54]}
Bb6 {[%clk 00:50:50]} {[%emt 00:00:56]} 25. Nxb6 {[%clk 00:42:57]} {[%emt
00:00:53]} Rxd3 {[%clk 00:51:06]} {[%emt 00:00:15]} 26. Rxd3 {[%clk 00:42:42]}
{[%emt 00:00:44]} axb6 {[%clk 00:51:09]} {[%emt 00:00:25]} 27. c3 {[%clk
00:42:23]} {[%emt 00:00:49]} Ra8 {[%clk 00:49:23]} {[%emt 00:02:17]} 28. Rd2
{[%clk 00:41:03]} {[%emt 00:01:47]} Ra3 {[%clk 00:48:20]} {[%emt 00:01:37]} 29.
Rd6 {[%clk 00:38:16]} {[%emt 00:03:16]} Rxc3 {[%clk 00:47:29]} {[%emt
00:01:21]} 30. Rxb6 {[%clk 00:37:48]} {[%emt 00:00:59]} Ra3 {[%clk 00:47:02]}
{[%emt 00:00:57]} 31. Rxb7 {[%clk 00:38:05]} {[%emt 00:00:13]} Rxa2 {[%clk
00:46:54]} {[%emt 00:00:38]} 32. Rb8 {[%clk 00:37:31]} {[%emt 00:01:04]} Rb2
{[%clk 00:46:37]} {[%emt 00:00:47]} 33. b5 {[%clk 00:37:23]} {[%emt 00:00:38]}
Kg6 {[%clk 00:45:47]} {[%emt 00:01:19]} 34. Kg2 {[%clk 00:35:45]} {[%emt
00:02:08]} f5 {[%clk 00:45:01]} {[%emt 00:01:16]} 35. b6 {[%clk 00:33:22]}
{[%emt 00:02:54]} Rb3 {[%clk 00:43:19]} {[%emt 00:02:11]} 36. Rg8+ {[%clk
00:28:56]} {[%emt 00:04:57]} Kf6 {[%clk 00:43:22]} {[%emt 00:00:27]} 37. Rh8
{[%clk 00:26:55]} {[%emt 00:02:31]} Ke5 {[%clk 00:41:27]} {[%emt 00:02:25]} 38.
Rh7 {[%clk 00:24:22]} {[%emt 00:03:02]} Rxb6 {[%clk 00:36:16]} {[%emt
00:05:42]} 39. Rxf7 {[%clk 00:24:15]} {[%emt 00:00:37]} fxg4 {[%clk 00:32:50]}
{[%emt 00:03:56]} 40. hxg4 {[%clk 00:24:38]} {[%emt 00:00:07]} Rf6 {[%clk
00:32:28]} {[%emt 00:00:51]} 41. Rxf6 {[%clk 00:24:24]} {[%emt 00:00:44]} Kxf6
{[%clk 00:32:49]} {[%emt 00:00:10]} 42. Kf3 {[%clk 00:24:45]} {[%emt 00:00:08]}
Ke5 {[%clk 00:31:39]} {[%emt 00:01:40]} 43. Ke3 {[%clk 00:24:55]} {[%emt
00:00:20]} Kd5 {[%clk 00:30:32]} {[%emt 00:01:37]} 44. f4 {[%clk 00:24:50]}
{[%emt 00:00:36]} gxf4+ {[%clk 00:29:53]} {[%emt 00:01:09]} 45. Kxf4 {[%clk
00:25:11]} {[%emt 00:00:08]} Ke6 {[%clk 00:28:17]} {[%emt 00:02:06]} 46. Kg5
{[%clk 00:25:09]} {[%emt 00:00:32]} Kf7 {[%clk 00:26:08]} {[%emt 00:02:39]} 47.
Kh6 {[%clk 00:25:31]} {[%emt 00:00:08]} Kg8 {[%clk 00:26:06]} {[%emt 00:00:32]}
48. g5 {[%clk 00:25:12]} {[%emt 00:00:49]} Kh8 {[%clk 00:23:13]} {[%emt
00:03:23]} 49. g6 {[%clk 00:24:53]} {[%emt 00:00:50]} Kg8 {[%clk 00:23:14]}
{[%emt 00:00:29]} 50. g7 {[%clk 00:25:21]} {[%emt 00:00:02]} Kf7 {[%clk
00:23:23]} {[%emt 00:00:20]} 51. Kh7 {[%clk 00:25:49]} {[%emt 00:00:02]} Ke6
{[%clk 00:23:22]} {[%emt 00:00:31]} 52. g8=Q+ {[%clk 00:26:15]} {[%emt
00:00:04]} Ke5 {[%clk 00:23:34]} {[%emt 00:00:19]} 53. Qf7 {[%clk 00:26:43]}
{[%emt 00:00:01]} Ke4 {[%clk 00:23:44]} {[%emt 00:00:20]} 54. Qd7 {[%clk
00:27:09]} {[%emt 00:00:05]} Ke5 {[%clk 00:23:51]} {[%emt 00:00:23]} 55. Kg6
{[%clk 00:27:14]} {[%emt 00:00:24]} Ke4 {[%clk 00:23:41]} {[%emt 00:00:40]} 56.
Qd6 {[%clk 00:27:32]} {[%emt 00:00:13]} 1-0

[Event "DEM U10 2023"]
[Site "Willingen GER"]
[Date "2023.05.28"]
[Round "1"]
[White "Shivkumar, Shreyas"]
[Black "Gersemann, Karl"]
[Result "0-1"]
[Termination "normal"]
[Board "7"]
[WhiteElo "1394"]
[BlackElo "1751"]
[WhiteClock "00:48:57"]
[BlackClock "00:46:08"]
[PlyCount "54"]
[WhiteFideId "34638407"]
[BlackFideId "34602186"]
[EventCountry "GER"]
[EventRounds "11"]
[EventType "swiss"]
[EventDate "2023.05.27"]

1. e4 {[%clk 01:15:59]} {[%emt 00:01:42]} c5 {[%clk 01:15:44]} {[%emt
00:00:16]} 2. b4 {[%clk 01:15:48]} {[%emt 00:00:41]} e5 {[%clk 01:15:14]}
{[%emt 00:01:00]} 3. bxc5 {[%clk 01:14:40]} {[%emt 00:01:39]} Bxc5 {[%clk
01:15:33]} {[%emt 00:00:10]} 4. Nf3 {[%clk 01:14:31]} {[%emt 00:00:39]} Nc6
{[%clk 01:14:59]} {[%emt 00:01:04]} 5. Nxe5 {[%clk 01:14:03]} {[%emt 00:00:58]}
Qf6 {[%clk 01:14:33]} {[%emt 00:00:55]} 6. d4 {[%clk 01:13:20]} {[%emt
00:01:14]} Bxd4 {[%clk 01:14:34]} {[%emt 00:00:27]} 7. Ng4 {[%clk 01:13:21]}
{[%emt 00:00:31]} Bxf2+ {[%clk 01:14:29]} {[%emt 00:00:34]} 8. Nxf2 {[%clk
01:13:18]} {[%emt 00:00:34]} Qxa1 {[%clk 01:14:47]} {[%emt 00:00:13]} 9. Ba3
{[%clk 01:12:34]} {[%emt 00:01:13]} Qe5 {[%clk 01:14:04]} {[%emt 00:01:10]} 10.
Bc4 {[%clk 01:11:58]} {[%emt 00:01:08]} b5 {[%clk 01:13:02]} {[%emt 00:01:32]}
11. Bd5 {[%clk 01:10:56]} {[%emt 00:01:33]} Nf6 {[%clk 01:10:49]} {[%emt
00:02:42]} 12. Ng4 {[%clk 01:09:42]} {[%emt 00:01:28]} Nxg4 {[%clk 01:08:03]}
{[%emt 00:03:32]} 13. Qxg4 {[%clk 01:09:56]} {[%emt 00:00:17]} b4 {[%clk
01:00:07]} {[%emt 00:08:25]} 14. Bc1 {[%clk 01:06:56]} {[%emt 00:03:31]} Ba6
{[%clk 00:57:38]} {[%emt 00:02:59]} 15. Bf4 {[%clk 01:04:23]} {[%emt 00:03:03]}
Qd4 {[%clk 00:55:00]} {[%emt 00:03:07]} 16. Qg3 {[%clk 01:00:20]} {[%emt
00:04:24]} O-O {[%clk 00:53:25]} {[%emt 00:02:13]} 17. Nd2 {[%clk 00:59:03]}
{[%emt 00:01:49]} Rae8 {[%clk 00:51:29]} {[%emt 00:02:25]} 18. Bb3 {[%clk
00:59:01]} {[%emt 00:00:33]} Rxe4+ {[%clk 00:50:56]} {[%emt 00:01:03]} 19. Nxe4
{[%clk 00:58:34]} {[%emt 00:00:57]} Qxe4+ {[%clk 00:51:17]} {[%emt 00:00:08]}
20. Kd2 {[%clk 00:56:11]} {[%emt 00:02:54]} Qd4+ {[%clk 00:50:59]} {[%emt
00:00:46]} 21. Kc1 {[%clk 00:51:39]} {[%emt 00:05:03]} Qa1+ {[%clk 00:48:33]}
{[%emt 00:02:57]} 22. Kd2 {[%clk 00:51:58]} {[%emt 00:00:11]} Qxh1 {[%clk
00:48:16]} {[%emt 00:00:47]} 23. Bh6 {[%clk 00:52:01]} {[%emt 00:00:26]} Qa1
{[%clk 00:47:51]} {[%emt 00:00:56]} 24. Be3 {[%clk 00:49:17]} {[%emt 00:03:12]}
Nd4 {[%clk 00:45:52]} {[%emt 00:02:31]} 25. Bd5 {[%clk 00:49:08]} {[%emt
00:00:39]} Qc3+ {[%clk 00:45:52]} {[%emt 00:00:29]} 26. Kd1 {[%clk 00:49:07]}
{[%emt 00:00:32]} Be2+ {[%clk 00:46:08]} {[%emt 00:00:14]} 27. Kc1 {[%clk
00:48:57]} {[%emt 00:00:40]} Qxc2# {[%emt 00:00:06]} {,} 0-1

[Event "DEM U10 2023"]
[Site "Willingen GER"]
[Date "2023.05.28"]
[Round "1"]
[White "Chua, Daniel James"]
[Black "Moskalenko, Michael"]
[Result "0-1"]
[Termination "normal"]
[Board "8"]
[WhiteElo "1433"]
[BlackElo "1243"]
[WhiteClock "00:46:39"]
[BlackClock "00:13:20"]
[PlyCount "154"]
[WhiteFideId "34608354"]
[BlackFideId "34608877"]
[EventCountry "GER"]
[EventRounds "11"]
[EventType "swiss"]
[EventDate "2023.05.27"]

1. e4 {[%clk 01:15:57]} {[%emt 00:00:02]} c6 {[%clk 01:15:55]} {[%emt
00:00:05]} 2. c4 {[%clk 01:16:12]} {[%emt 00:00:15]} d5 {[%clk 01:10:26]}
{[%emt 00:05:59]} 3. exd5 {[%clk 01:16:40]} {[%emt 00:00:03]} cxd5 {[%clk
01:09:40]} {[%emt 00:01:16]} 4. cxd5 {[%emt 00:00:12]} Qxd5 {[%clk 01:09:02]}
{[%emt 00:01:07]} 5. Nc3 {[%clk 01:17:19]} {[%emt 00:00:10]} Qa5 {[%clk
01:04:58]} {[%emt 00:04:33]} 6. d4 {[%clk 01:17:43]} {[%emt 00:00:06]} Nf6
{[%clk 01:02:02]} {[%emt 00:03:26]} 7. Bc4 {[%clk 01:17:20]} {[%emt 00:00:54]}
e6 {[%clk 00:58:46]} {[%emt 00:03:46]} 8. Nf3 {[%clk 01:17:38]} {[%emt
00:00:11]} Bb4 {[%clk 00:56:29]} {[%emt 00:02:48]} 9. Bd2 {[%clk 01:17:39]}
{[%emt 00:00:28]} Qc7 {[%clk 00:51:59]} {[%emt 00:05:00]} 10. Qa4+ {[%clk
01:17:07]} {[%emt 00:01:01]} Nc6 {[%clk 00:50:45]} {[%emt 00:01:45]} 11. O-O
{[%clk 01:13:14]} {[%emt 00:04:23]} O-O {[%clk 00:43:39]} {[%emt 00:07:37]} 12.
d5 {[%clk 01:04:45]} {[%emt 00:08:58]} Bxc3 {[%clk 00:34:08]} {[%emt 00:10:01]}
13. dxc6 {[%clk 01:00:40]} {[%emt 00:04:35]} Bxd2 {[%clk 00:31:11]} {[%emt
00:03:27]} 14. Nxd2 {[%clk 01:00:16]} {[%emt 00:00:54]} Qxc6 {[%clk 00:30:15]}
{[%emt 00:01:26]} 15. Qxc6 {[%clk 01:00:38]} {[%emt 00:00:08]} bxc6 {[%clk
00:30:36]} {[%emt 00:00:10]} 16. Rac1 {[%clk 01:01:06]} {[%emt 00:00:02]} Bd7
{[%clk 00:29:18]} {[%emt 00:01:47]} 17. Nb3 {[%clk 01:01:23]} {[%emt 00:00:13]}
Rab8 {[%clk 00:28:38]} {[%emt 00:01:10]} 18. Rfd1 {[%clk 01:00:47]} {[%emt
00:01:06]} Rfd8 {[%clk 00:21:25]} {[%emt 00:07:43]} 19. Rd2 {[%clk 00:49:00]}
{[%emt 00:12:18]} Be8 {[%clk 00:16:56]} {[%emt 00:04:59]} 20. Rcd1 {[%clk
00:49:22]} {[%emt 00:00:07]} Rxd2 {[%clk 00:16:02]} {[%emt 00:01:24]} 21. Rxd2
{[%clk 00:49:51]} {[%emt 00:00:01]} Nd5 {[%clk 00:16:20]} {[%emt 00:00:12]} 22.
Kf1 {[%clk 00:48:53]} {[%emt 00:01:28]} Rb4 {[%clk 00:15:27]} {[%emt 00:01:24]}
23. Rd4 {[%clk 00:37:02]} {[%emt 00:12:20]} c5 {[%clk 00:11:06]} {[%emt
00:04:50]} 24. Nxc5 {[%clk 00:34:45]} {[%emt 00:02:48]} Rxc4 {[%clk 00:10:33]}
{[%emt 00:01:03]} 25. Rxc4 {[%clk 00:35:05]} {[%emt 00:00:11]} Bb5 {[%clk
00:10:54]} {[%emt 00:00:08]} 26. b3 {[%clk 00:35:21]} {[%emt 00:00:14]} Bxc4+
{[%clk 00:11:19]} {[%emt 00:00:05]} 27. bxc4 {[%clk 00:35:51]} {[%emt
00:00:01]} Nb6 {[%clk 00:11:36]} {[%emt 00:00:13]} 28. Ke2 {[%clk 00:35:14]}
{[%emt 00:01:07]} Nxc4 {[%clk 00:11:58]} {[%emt 00:00:07]} 29. Kd3 {[%clk
00:35:34]} {[%emt 00:00:09]} Nb6 {[%clk 00:12:04]} {[%emt 00:00:25]} 30. Kc3
{[%clk 00:34:59]} {[%emt 00:01:04]} Kf8 {[%clk 00:12:23]} {[%emt 00:00:12]} 31.
Kb4 {[%clk 00:35:07]} {[%emt 00:00:20]} Ke7 {[%clk 00:12:45]} {[%emt 00:00:10]}
32. Kb5 {[%clk 00:33:27]} {[%emt 00:02:09]} Kd6 {[%clk 00:11:39]} {[%emt
00:01:37]} 33. Ne4+ {[%clk 00:33:39]} {[%emt 00:00:17]} Kc7 {[%clk 00:07:44]}
{[%emt 00:04:26]} 34. Ng5 {[%clk 00:33:09]} {[%emt 00:01:00]} Nd5 {[%clk
00:05:26]} {[%emt 00:02:49]} 35. a4 {[%clk 00:31:44]} {[%emt 00:01:55]} Nc3+
{[%clk 00:01:51]} {[%emt 00:04:04]} 36. Ka5 {[%clk 00:31:29]} {[%emt 00:00:44]}
Nd1 {[%clk 00:01:50]} {[%emt 00:00:32]} 37. f3 {[%clk 00:31:13]} {[%emt
00:00:46]} Ne3 {[%clk 00:02:13]} {[%emt 00:00:08]} 38. g4 {[%clk 00:31:21]}
{[%emt 00:00:21]} Nf1 {[%clk 00:02:06]} {[%emt 00:00:37]} 39. h4 {[%clk
00:31:17]} {[%emt 00:00:33]} Nd2 {[%clk 00:02:20]} {[%emt 00:00:17]} 40. f4
{[%clk 00:31:18]} {[%emt 00:00:29]} Nc4+ {[%clk 00:02:37]} {[%emt 00:00:13]}
41. Ka6 {[%clk 00:31:21]} {[%emt 00:00:27]} Nb6 {[%clk 00:00:52]} {[%emt
00:02:15]} 42. a5 {[%clk 00:31:09]} {[%emt 00:00:42]} Nd5 {[%clk 00:00:34]}
{[%emt 00:00:49]} 43. Nxf7 {[%clk 00:28:53]} {[%emt 00:02:45]} Kb8 {[%clk
00:14:20]} {[%emt 00:01:44]} 44. f5 {[%clk 00:39:07]} {[%emt 00:05:16]} exf5
{[%clk 00:12:03]} {[%emt 00:02:47]} 45. Kb5 {[%clk 00:38:23]} {[%emt 00:01:15]}
fxg4 {[%clk 00:10:33]} {[%emt 00:01:59]} 46. Ng5 {[%clk 00:38:00]} {[%emt
00:00:53]} g3 {[%clk 00:10:18]} {[%emt 00:00:45]} 47. Kc4 {[%clk 00:38:08]}
{[%emt 00:00:22]} g2 {[%clk 00:09:46]} {[%emt 00:01:02]} 48. Nh3 {[%clk
00:38:15]} {[%emt 00:00:23]} Nf4 {[%clk 00:09:09]} {[%emt 00:01:07]} 49. Ng1
{[%clk 00:38:44]} {[%emt 00:00:02]} Ng6 {[%clk 00:07:24]} {[%emt 00:02:15]} 50.
h5 {[%clk 00:38:50]} {[%emt 00:00:23]} Nf4 {[%clk 00:07:22]} {[%emt 00:00:31]}
51. h6 {[%clk 00:39:01]} {[%emt 00:00:20]} gxh6 {[%clk 00:07:40]} {[%emt
00:00:12]} 52. Kd4 {[%clk 00:39:28]} {[%emt 00:00:03]} Kb7 {[%clk 00:07:20]}
{[%emt 00:00:49]} 53. Ke4 {[%clk 00:39:52]} {[%emt 00:00:06]} Ng6 {[%clk
00:07:32]} {[%emt 00:00:18]} 54. Kf3 {[%clk 00:40:09]} {[%emt 00:00:14]} Ka6
{[%clk 00:07:55]} {[%emt 00:00:07]} 55. Kxg2 {[%clk 00:40:34]} {[%emt
00:00:06]} Kxa5 {[%clk 00:08:13]} {[%emt 00:00:11]} 56. Kg3 {[%clk 00:40:59]}
{[%emt 00:00:05]} Kb4 {[%clk 00:08:29]} {[%emt 00:00:14]} 57. Kf3 {[%clk
00:40:50]} {[%emt 00:00:38]} a5 {[%clk 00:08:38]} {[%emt 00:00:22]} 58. Ke2
{[%clk 00:40:54]} {[%emt 00:00:26]} Kb3 {[%clk 00:08:45]} {[%emt 00:00:23]} 59.
Kd1 {[%clk 00:40:42]} {[%emt 00:00:42]} Kb2 {[%clk 00:08:57]} {[%emt 00:00:18]}
60. Nf3 {[%clk 00:41:01]} {[%emt 00:00:11]} a4 {[%clk 00:09:04]} {[%emt
00:00:23]} 61. Nd2 {[%clk 00:41:24]} {[%emt 00:00:06]} Ne5 {[%clk 00:08:59]}
{[%emt 00:00:36]} 62. Nf1 {[%clk 00:41:30]} {[%emt 00:00:24]} Nc4 {[%clk
00:08:41]} {[%emt 00:00:47]} 63. Ng3 {[%clk 00:41:12]} {[%emt 00:00:49]} a3
{[%clk 00:09:01]} {[%emt 00:00:10]} 64. Nf5 {[%clk 00:41:22]} {[%emt 00:00:20]}
a2 {[%clk 00:09:23]} {[%emt 00:00:09]} 65. Ne3 {[%clk 00:41:49]} {[%emt
00:00:02]} Nxe3+ {[%clk 00:09:34]} {[%emt 00:00:19]} 66. Ke1 {[%clk 00:42:13]}
{[%emt 00:00:06]} a1=Q+ {[%clk 00:09:56]} {[%emt 00:00:08]} 67. Ke2 {[%clk
00:42:39]} {[%emt 00:00:03]} Qa3 {[%clk 00:10:08]} {[%emt 00:00:18]} 68. Kf3
{[%clk 00:43:02]} {[%emt 00:00:08]} Nc2+ {[%clk 00:10:18]} {[%emt 00:00:20]}
69. Kf4 {[%clk 00:43:24]} {[%emt 00:00:08]} Qe7 {[%clk 00:10:41]} {[%emt
00:00:07]} 70. Kg4 {[%clk 00:43:48]} {[%emt 00:00:05]} Qf6 {[%clk 00:10:54]}
{[%emt 00:00:18]} 71. Kg3 {[%clk 00:44:08]} {[%emt 00:00:11]} Qf5 {[%clk
00:11:15]} {[%emt 00:00:07]} 72. Kh4 {[%clk 00:44:30]} {[%emt 00:00:06]} Qg5+
{[%clk 00:11:31]} {[%emt 00:00:16]} 73. Kh3 {[%clk 00:44:56]} {[%emt 00:00:05]}
Kc3 {[%clk 00:11:53]} {[%emt 00:00:07]} 74. Kh2 {[%clk 00:45:21]} {[%emt
00:00:05]} Kd3 {[%clk 00:12:14]} {[%emt 00:00:10]} 75. Kh1 {[%clk 00:45:48]}
{[%emt 00:00:03]} Ke3 {[%clk 00:12:38]} {[%emt 00:00:06]} 76. Kh2 {[%clk
00:46:12]} {[%emt 00:00:06]} Kf3 {[%clk 00:12:57]} {[%emt 00:00:11]} 77. Kh1
{[%clk 00:46:39]} {[%emt 00:00:03]} Qg2# {[%clk 00:13:20]} {[%emt 00:00:07]}
0-1